Представление документа в формате MARC21

Поле Инд. ПП Название Значение
Тип записи a
Библиографический уровень b
001 Контрольный номер RU/IS/BASE/287499026
005 Дата корректировки 20241031095850.4
008 Кодируемые данные 20090209
040 b Код языка каталог. rus
e Правила каталог. PSBO
041 0_ a Код языка текста rus
084 a Индекс другой классификации/Индекс ББК 65.049(2Рос-6Хан)
100 1_ a Автор Бойко И.
245 10 a Заглавие Система государственного заказа в Ханты-Мансийском автономном округе - Югре
504 a Библиография Лит. в конце статьи
650 a Основная рубрика региональная экономика
a Основная рубрика управление экономикой
a Основная рубрика экономика
653 1_ a Ключевые слова государственное управление
a Ключевые слова государственный заказ
a Ключевые слова государственные закупки
a Ключевые слова инновационное управление
a Ключевые слова конкурентная среда
a Ключевые слова регионы России
a Ключевые слова Россия
a Ключевые слова стратегическое управление
a Ключевые слова управление государственными заказами
a Ключевые слова Ханты-Мансийский автономный округ
773 0_ t Заглавие источника РИСК: ресурсы, информация, снабжение, конкуренция
d Дата издания источника 2008
g Прочая информация № 4. - С. 6 - 7
w Контрольный № источника RU/IS/BASE/286471778
901 t Тип документа b